Cyclisation of cis-polyisoprene (natural Hevea rubber) (Record no. 45584)

MARC details
000 -LEADER
fixed length control field 00289nam a2200109Ia 4500
100 ## - MAIN ENTRY--AUTHOR NAME
Personal name Banerjee B.M.
245 #0 - TITLE STATEMENT
Title Cyclisation of cis-polyisoprene (natural Hevea rubber)
260 ## - PUBLICATION, DISTRIBUTION, ETC. (IMPRINT)
Name of publisher Popular plastics
Year of publication 1969
300 ## - PHYSICAL DESCRIPTION
Number of Pages 25-35
942 ## - ADDED ENTRY ELEMENTS (KOHA)
Koha item type Reprints
Holdings
Withdrawn status Lost status Damaged status Not for loan Home library Current library Shelving location Date acquired Serial Enumeration / chronology Koha item type
      Reprints RRII Library RRII Library Rubber technology 22/12/2021 Volume 15, Issue 5 Reprints